LEADER 01109nam0 2200277 450 001 000008138 005 20070718152305.0 010 $a88-14-10235-X 100 $a20070718d2003----km-y0itay50------ba 101 0 $aita 102 $aIT 105 $ay-------001yy 200 1 $aMandato di arresto europeo e tipicita nazionale del reato$eanalisi strutturale comparata dei reati di frode-truffa nelle sovvenzioni, criminalita informatica, furto, racket-estorsione, riciclaggio, corruzione, associazione per delinquere in Italia, Francia, Germania, Spagna$fNicola Bartone$gprefazione di Giuliano Vassalli 210 $aMilano$cGiuffrè$d2003 215 $aXIX, 338 p.$d24 cm 410 0$12001 610 1 $aMandato di arresto - Diritto comunitario 610 1 $aReato - Diritto comparato 676 $a341.488$v21 700 1$aBartone,$bNicola$0231951 702 1$aVassalli,$bSebastiano 801 0$aIT$bUNIPARTHENOPE$c2007$gRICA$2UNIMARC 912 $a000008138 951 $aH0039$b037057$cNAVA3$d20070718 996 $aMandato di arresto europeo e tipicità nazionale del reato$9671711 997 $aUNIPARTHENOPE LEADER 01177nam0 22003251i 450 001 RML0247892 005 20231121125709.0 010 $a1855214830 100 $a20121121d1995 ||||0itac50 ba 101 | $aeng 102 $agb 181 1$6z01$ai $bxxxe 182 1$6z01$an 200 1 $aLanguage and peace$fedited Christina Schaffner and Anita L.Wenden 210 $aAldershot $cDartmouth $d1995 215 $aXXI,258 p.$d22 cm. 606 $aSociolinguistica$2FIR$3RMLC010793$9I 606 $aLinguaggio ed educazione$2FIR$3RMLC379774$9I 606 $aLinguaggio lingua$xAspetti politici$2FIR$3RMLC379775$9I 676 $a306.4$9$v20 700 1$aSchaffner$b, Christina$3RMLV161144$0287933 701 1$aWenden$b, Anita L.$3RMLV161143$0465179 801 3$aIT$bIT-01$c20121121 850 $aIT-FR0017 899 $aBiblioteca umanistica Giorgio Aprea$bFR0017 912 $aRML0247892 950 0$aBiblioteca umanistica Giorgio Aprea$d 52FSS 5/520$e 52VM 0000184405 VM barcode:LETT5021. - Inventario:7374VM$fA $h20021111$i20121204 977 $a 52 996 $aLanguage and peace$93621488 997 $aUNICAS